| 000 | 01291nam a2200265Ia 4500 | ||
|---|---|---|---|
| 003 | OSt | ||
| 005 | 20210511123838.0 | ||
| 008 | 210310t1954 sp fr 001 0 spa d | ||
| 040 |
_aCO-JMCR _cCO-JMCR |
||
| 041 | 0 | _aspa | |
| 082 | 0 | 4 |
_a336.243 / _bU727r _223 |
| 100 | 1 |
_aUsera, Gabriel de, _915081 _eautor |
|
| 245 | 1 | 0 |
_aRégimen fiscal de los beneficios de empresas y partícipes / _cGabriel de Usera ; introducción de Manuel Torres ; con un apéndice de Antolin Reguero Arias |
| 250 | _aSegunda edición | ||
| 260 |
_aMadrid : _bEdiciones Aguilar, _c©1954 |
||
| 300 |
_axviii, 432 páginas ; _c21 cm. |
||
| 490 | 0 | _aBiblioteca de Ciencias Sociales. Sección Primera: Economía | |
| 500 | _aIncluye notas a pie de página e índices alfabético de materias y cronológico de jurisprudencia. | ||
| 505 | 0 | _aConceptos previos -- El derecho material de la relación jurídica tributaria -- El derecho formal de la relación jurídica tributaria -- Normas tributarias del beneficio de la empresa -- Normas tributarias del beneficios de los participes | |
| 650 | 1 | 4 |
_aRentas _915083 _xImpuestos |
| 650 | 2 | 4 |
_aLegislación _zEspaña _937545 |
| 700 | 1 |
_aTorres, Manuel, _eautor de introducción _937546 |
|
| 700 | 1 |
_aReguero Arias, Antolin, _eautor de apéndice _937547 |
|
| 942 |
_2ddc _cBK |
||
| 999 |
_c7661 _d7661 |
||